Adolfo /

I tiakina i:
Ngā taipitopito rārangi puna kōrero
Kaituhi matua: Constant, Benjamin (autor)
Hōputu: Pukapuka
Reo:Pāniora
I whakaputaina: Buenos Aires, Argentina : Sociedad Editora Latino-Americana, 1945, c1945
Ngā marau:
Ngā Tūtohu: Tāpirihia he Tūtohu
Kāore He Tūtohu, Me noho koe te mea tuatahi ki te tūtohu i tēnei pūkete!

MARC

LEADER 00000nam^a2200000^a^4500
001 000309053
005 20250521000000.0
008 110405 19451945
009 20260526135747.637
037 |a Acervo Xavier Clavigero 
041 |a ESP 
082 |a 843.  |b CON 
100 |a Constant, Benjamin  |e (autor) 
240 1 1 |a [Adolphe] 
245 1 0 |a Adolfo /  |c B. Constant. 
264 4 |a Buenos Aires, Argentina :  |b Sociedad Editora Latino-Americana,  |c 1945, c1945 
300 |a 151 p. 
336 |a texto  |b txt  |2 rdacontenido 
337 |a sin mediación  |b n  |2 rdamedio 
338 |a volumen  |b nc  |2 rdasoporte 
500 |a Traducción de: Adolphe 
649 |a XX 
650 |a Escritores Suizos -  |x Memorias 
650 |a Memorias Suizas 
650 |a Novela Suiza 
650 |a Literatura Autobiográfica -  |z Suiza 
650 |a Literatura en Francés -  |z Suiza 
650 |a Literatura Suiza -  |y Siglo XIX 
650 |a Constant, Benjamin 
910 |a Fondo General 
920 |a Impresos - Libros 
930 |a Colección General 
940 |a Literatura 
905 |a 101 
901 |a 056561  |b IT1  |c LIT  |u 20250521 
902 |a https://opac.biblio.iteso.mx/vufind/Record/000309053